Eurokompas časopis Úradu vlády SR o štrukturálnych fondoch

Uložené v:
Podrobná bibliografia
Médium: Seriál
Jazyk:Slovak
Vydavateľské údaje: Bratislava Úrad vlády Slovenskej republiky 2016
Tagy: Pridať tag
Žiadne tagy, Buďte prvý, kto otaguje tento záznam!

MARC

LEADER 00000nas2a2200000 4500
001 0241182
005 20180315130458.1
022 |a 2453-899X 
041 0 |a slo 
044 |a SK 
245 1 0 |a Eurokompas  |b časopis Úradu vlády SR o štrukturálnych fondoch 
264 1 |a Bratislava  |b Úrad vlády Slovenskej republiky  |c 2016 
773 0 |w eu_un_cat*0055492